[Event "GBR-ch111 Over 50"]
[Site "Liverpool"]
[Date "2025.08.10"]
[Round "7.19"]
[White "Matthews, Adrian MS"]
[Black "Moyse, Nigel J"]
[Result "1-0"]
[WhiteElo "1796"]
[BlackElo "1944"]
[PlyCount "55"]
[EventDate "2025.08.04"]
[EventType "swiss"]
[EventRounds "7"]
[EventCountry "GBR"]
[SourceTitle "BritBase"]
[Source "John Saunders"]
[SourceDate "2025.08.11"]
[SourceVersion "1"]
[SourceVersionDate "2025.08.11"]
[SourceQuality "1"]

1. e4 e5 2. Nf3 Nc6 3. Bb5 a6 4. Ba4 Nf6 5. d3 b5 6. Bb3 Be7 7. c3 d6 8. h3 Na5 9. Bc2 c5 10. O-O Qc7 11. Re1 O-O 12. Nbd2 Ne8 13. Nf1 f5 14. Ne3 f4 15. Nd5 Qd8 16. d4 cxd4 17. cxd4 Bb7 18. dxe5 dxe5 19. Nxe5 Bd6 20. Nf3 Nc7 21. Qd3 g6 22. b3 Nxd5 23. exd5 Bb4 24. Re5 Rc8 25. Bb2 Qb6 26. Re6 Qc7 27. Rxg6+ Kf7 28. Rg7+ 1-0

[Event "GBR-ch111 Over 50"]
[Site "Liverpool"]
[Date "2025.08.10"]
[Round "7.20"]
[White "Kelly, Richard"]
[Black "Faulkner, Martin J"]
[Result "0-1"]
[WhiteElo "1787"]
[BlackElo "1818"]
[PlyCount "86"]
[EventDate "2025.08.04"]
[EventType "swiss"]
[EventRounds "7"]
[EventCountry "GBR"]
[SourceTitle "BritBase"]
[Source "John Saunders"]
[SourceDate "2025.08.11"]
[SourceVersion "1"]
[SourceVersionDate "2025.08.11"]
[SourceQuality "1"]

1. d4 Nf6 2. c4 e6 3. Nc3 Bb4 4. Bd2 d5 5. e3 O-O 6. Rc1 Re8 7. Nf3 c6 8. cxd5 exd5 9. Be2 h6 10. O-O Bf5 11. Qb3 Qe7 12. a3 Bd6 13. h3 b6 14. Rfd1 Rd8 15. Be1 Qe6 16. Bf1 Nbd7 17. Nh4 Bh7 18. Bd3 Bxd3 19. Rxd3 c5 20. Rdd1 g5 21. Nf3 c4 22. Qc2 a6 23. Qe2 Kg7 24. Nh2 Re8 25. Qf3 h5 26. Nf1 g4 27. hxg4 hxg4 28. Qe2 Rh8 29. f3 Rae8 30. fxg4 Nxg4 31. Nxd5 Rh5 32. Nc3 Reh8 33. g3 Rh1+ 34. Kg2 R1h2+ 35. Nxh2 Rxh2+ 36. Kf1 Rxe2 37. Kxe2 Qxe3+ 38. Kf1 Qf3+ 39. Kg1 Bxg3 40. Rc2 Qe3+ 41. Kh1 Bxe1 42. Re2 Nf2+ 43. Kg2 Qh3+ 0-1

[Event "GBR-ch111 Over 50"]
[Site "Liverpool"]
[Date "2025.08.10"]
[Round "7.21"]
[White "Potter, Steven"]
[Black "Aitchison, A Keith"]
[Result "1-0"]
[WhiteElo "1855"]
[BlackElo "1757"]
[PlyCount "65"]
[EventDate "2025.08.04"]
[EventType "swiss"]
[EventRounds "7"]
[EventCountry "GBR"]
[SourceTitle "BritBase"]
[Source "John Saunders"]
[SourceDate "2025.08.11"]
[SourceVersion "1"]
[SourceVersionDate "2025.08.11"]
[SourceQuality "1"]

1. d4 Nf6 2. Bg5 b6 3. Bxf6 gxf6 4. Nf3 Bb7 5. e3 d6 6. g3 Nd7 7. Bg2 e5 8. Nc3 f5 9. dxe5 Nxe5 10. O-O Bg7 11. Nxe5 Bxg2 12. Nxf7 Kxf7 13. Kxg2 Bxc3 14. Qd5+ Kg6 15. bxc3 Qf6 16. e4 Rae8 17. Qxf5+ Qxf5 18. exf5+ Kxf5 19. Rae1 a5 20. f4 h5 21. Kf3 Rhg8 22. h3 Kf6 23. g4 hxg4+ 24. hxg4 Rh8 25. Rxe8 Rxe8 26. Rh1 d5 27. Rh6+ Ke7 28. f5 Kd7 29. g5 Re1 30. g6 Ke7 31. Rh7+ Kf8 32. Rxc7 Rc1 33. Kf4 1-0

[Event "GBR-ch111 Over 50"]
[Site "Liverpool"]
[Date "2025.08.10"]
[Round "7.22"]
[White "Betts, Richard"]
[Black "Richards, Simon"]
[Result "1/2-1/2"]
[WhiteElo "1808"]
[BlackElo "1697"]
[PlyCount "52"]
[EventDate "2025.08.04"]
[EventType "swiss"]
[EventRounds "7"]
[EventCountry "GBR"]
[SourceTitle "BritBase"]
[Source "John Saunders"]
[SourceDate "2025.08.11"]
[SourceVersion "1"]
[SourceVersionDate "2025.08.11"]
[SourceQuality "1"]

1. e4 e6 2. d4 d5 3. e5 Bd7 4. Nf3 a6 5. Bd3 Bb5 6. O-O Bxd3 7. Qxd3 c5 8. c3 Nc6 9. Be3 Qb6 10. Nbd2 cxd4 11. cxd4 Nge7 12. a3 Nf5 13. g4 Nfe7 14. Nh4 Ng6 15. Nxg6 hxg6 16. f4 Be7 17. f5 gxf5 18. gxf5 O-O-O 19. b4 Rh3 20. Nf3 Rdh8 21. Kg2 R3h5 22. fxe6 fxe6 23. Qg6 Nxe5 24. Nxe5 Rxh2+ 25. Kg3 R8h3+ 26. Kf4 Rh4+ 1/2-1/2

[Event "GBR-ch111 Over 50"]
[Site "Liverpool"]
[Date "2025.08.10"]
[Round "7.23"]
[White "Wilson, Matthew R"]
[Black "Strugar, Ioan"]
[Result "1-0"]
[WhiteElo "1784"]
[BlackElo "1659"]
[PlyCount "45"]
[EventDate "2025.08.04"]
[EventType "swiss"]
[EventRounds "7"]
[EventCountry "GBR"]
[SourceTitle "BritBase"]
[Source "John Saunders"]
[SourceDate "2025.08.11"]
[SourceVersion "1"]
[SourceVersionDate "2025.08.11"]
[SourceQuality "1"]

1. e4 e5 2. Nf3 d5 3. Nxe5 Qe7 4. d4 f6 5. Ng4 Qxe4+ 6. Ne3 g6 7. Nc3 Bb4 8. Bd3 Bxc3+ 9. bxc3 Qe6 10. O-O Ne7 11. Re1 Nbc6 12. Ba3 Qf7 13. c4 Be6 14. cxd5 Bxd5 15. c4 Bxg2 16. Nxg2 Nxd4 17. Rxe7+ Qxe7 18. Bxe7 Kxe7 19. Qg4 c5 20. Re1+ Kd6 21. Qf4+ Kd7 22. Qxf6 Rhf8 23. Re7+ 1-0

[Event "GBR-ch111 Over 50"]
[Site "Liverpool"]
[Date "2025.08.10"]
[Round "7.24"]
[White "Letton, Rob"]
[Black "Polanyk, John"]
[Result "0-1"]
[WhiteElo "1711"]
[BlackElo "1771"]
[PlyCount "52"]
[EventDate "2025.08.04"]
[EventType "swiss"]
[EventRounds "7"]
[EventCountry "GBR"]
[SourceTitle "BritBase"]
[Source "John Saunders"]
[SourceDate "2025.08.11"]
[SourceVersion "1"]
[SourceVersionDate "2025.08.11"]
[SourceQuality "1"]

1. e4 c5 2. Nc3 e6 3. f4 d5 4. exd5 exd5 5. d4 Nf6 6. Nf3 Be7 7. Bb5+ Bd7 8. Bxd7+ Nbxd7 9. Be3 O-O 10. dxc5 Nxc5 11. O-O Nce4 12. Bd4 Nxc3 13. Bxc3 Ne4 14. Bd4 Qc7 15. Be3 Bc5 16. Bxc5 Qxc5+ 17. Nd4 Rfe8 18. Qd3 Nf6 19. Rad1 Re4 20. Kh1 Rae8 21. c3 Qb6 22. Qc2 Ng4 23. Nf5 Re2 24. Qb3 Nf2+ 25. Kg1 Nh3+ 26. Kh1 Qg1+ 0-1

[Event "GBR-ch111 Over 50"]
[Site "Liverpool"]
[Date "2025.08.10"]
[Round "7.25"]
[White "Kenning, Paul H"]
[Black "Slegg, Gary"]
[Result "1/2-1/2"]
[WhiteElo "1764"]
[BlackElo "1622"]
[PlyCount "48"]
[EventDate "2025.08.04"]
[EventType "swiss"]
[EventRounds "7"]
[EventCountry "GBR"]
[SourceTitle "BritBase"]
[Source "John Saunders"]
[SourceDate "2025.08.11"]
[SourceVersion "1"]
[SourceVersionDate "2025.08.11"]
[SourceQuality "1"]

1. e4 c5 2. Nf3 Nc6 3. Bb5 g6 4. c3 Nf6 5. Qa4 Bg7 6. d4 cxd4 7. cxd4 O-O 8. O-O Qc7 9. Nc3 d6 10. h3 Bd7 11. Be3 a6 12. Bd3 Ne5 13. Qd1 Nxd3 14. Qxd3 Rfc8 15. Rfd1 Qc4 16. Qxc4 Rxc4 17. e5 Ne8 18. Nd5 Rc2 19. Rd2 Rxd2 20. Bxd2 Kf8 21. Nb6 Rd8 22. Rc1 dxe5 23. Nxe5 Bxe5 24. dxe5 Bc6 1/2-1/2

[Event "GBR-ch111 Over 50"]
[Site "Liverpool"]
[Date "2025.08.10"]
[Round "7.26"]
[White "White, Nicholas E"]
[Black "Rooney, Derek"]
[Result "1-0"]
[WhiteElo "1706"]
[BlackElo "1658"]
[PlyCount "85"]
[EventDate "2025.08.04"]
[EventType "swiss"]
[EventRounds "7"]
[EventCountry "GBR"]
[SourceTitle "BritBase"]
[Source "John Saunders"]
[SourceDate "2025.08.11"]
[SourceVersion "1"]
[SourceVersionDate "2025.08.11"]
[SourceQuality "1"]

1. d4 g6 2. e4 d6 3. Nc3 Bg7 4. Be3 Nd7 5. Qd2 a6 6. Nf3 e6 7. Bc4 b5 8. Bb3 h6 9. h3 Bb7 10. O-O Nb6 11. Rfe1 Ne7 12. Rad1 Nc4 13. Bxc4 bxc4 14. d5 e5 15. Qe2 O-O 16. Qxc4 f5 17. exf5 gxf5 18. Nxe5 Bxe5 19. Bxh6 Ng6 20. f4 Bg7 21. Bxg7 Kxg7 22. Re6 Bc8 23. Re3 Bd7 24. Ne2 Re8 25. Rxe8 Bxe8 26. Ng3 Ne7 27. Qd4+ Kh7 28. Re1 Bg6 29. h4 Kh6 30. c4 Qf8 31. Re6 Kh7 32. h5 Bf7 33. Rf6 Qg7 34. h6 Qg8 35. Nxf5 Nxf5 36. Rxf5 Rf8 37. Qe3 Bg6 38. Rg5 Rf5 39. g4 Rxg5 40. fxg5 Qe8 41. Qc3 Qe7 42. b4 Bf7 43. Qg7# 1-0

[Event "GBR-ch111 Over 50"]
[Site "Liverpool"]
[Date "2025.08.10"]
[Round "7.27"]
[White "Tuke, David"]
[Black "Miller, Jonathan"]
[Result "0-1"]
[WhiteElo "1722"]
[BlackElo "1573"]
[PlyCount "64"]
[EventDate "2025.08.04"]
[EventType "swiss"]
[EventRounds "7"]
[EventCountry "GBR"]
[SourceTitle "BritBase"]
[Source "John Saunders"]
[SourceDate "2025.08.11"]
[SourceVersion "1"]
[SourceVersionDate "2025.08.11"]
[SourceQuality "1"]

1. d4 Nf6 2. Nf3 g6 3. c4 Bg7 4. Nc3 d6 5. e4 c6 6. Be2 O-O 7. O-O e5 8. d5 a5 9. Bg5 Qc7 10. Rc1 Na6 11. Nd2 h6 12. Bh4 Nc5 13. f3 Nh5 14. Nb3 Nxb3 15. Qxb3 f5 16. Bf2 f4 17. c5 Qe7 18. Na4 Qg5 19. dxc6+ Kh8 20. Rfd1 Bh3 21. Bf1 Ng3 22. Qc4 d5 23. Rxd5 bxc6 24. Rd6 Nxf1 25. Qxf1 Rfd8 26. Rcd1 Rxd6 27. Rxd6 Bf8 28. Rxc6 Rd8 29. Nc3 Rd2 30. Ra6 Rc2 31. Ra8 Rc1 32. Rxf8+ Kg7 0-1

[Event "GBR-ch111 Over 50"]
[Site "Liverpool"]
[Date "2025.08.10"]
[Round "7.28"]
[White "Lynch, Chris"]
[Black "Morrison, Munroe L"]
[Result "1/2-1/2"]
[WhiteElo "1615"]
[BlackElo "1806"]
[PlyCount "22"]
[EventDate "2025.08.04"]
[EventType "swiss"]
[EventRounds "7"]
[EventCountry "GBR"]
[SourceTitle "BritBase"]
[Source "John Saunders"]
[SourceDate "2025.08.11"]
[SourceVersion "1"]
[SourceVersionDate "2025.08.11"]
[SourceQuality "1"]

1. d4 d6 2. Nf3 Bg4 3. e3 Nf6 4. Be2 Nbd7 5. h3 Bh5 6. O-O e5 7. c4 Be7 8. Nc3 O-O 9. d5 a5 10. Nh4 Bxe2 11. Qxe2 Nxd5 1/2-1/2

[Event "GBR-ch111 Over 65"]
[Site "Liverpool"]
[Date "2025.08.04"]
[Round "1.1"]
[White "Pickles, Stephen"]
[Black "Gregg, Alan M"]
[Result "1/2-1/2"]
[WhiteElo "2280"]
[BlackElo "1930"]
[PlyCount "33"]
[EventDate "2025.08.04"]
[EventType "swiss"]
[EventRounds "7"]
[EventCountry "GBR"]
[SourceTitle "BritBase"]
[Source "John Saunders"]
[SourceDate "2025.08.11"]
[SourceVersion "1"]
[SourceVersionDate "2025.08.11"]
[SourceQuality "1"]

1. e4 e5 2. Nf3 Nc6 3. d4 d6 4. Bb5 Bd7 5. c3 Nf6 6. Nbd2 Be7 7. O-O O-O 8. Re1 a6 9. Bxc6 Bxc6 10. dxe5 dxe5 11. Nxe5 Bxe4 12. Nxe4 Qxd1 13. Nxf6+ Bxf6 14. Rxd1 Bxe5 15. Be3 Rad8 16. Kf1 Rfe8 17. Ke2 1/2-1/2

[Event "GBR-ch111 Over 65"]
[Site "Liverpool"]
[Date "2025.08.04"]
[Round "1.2"]
[White "Moore, Gerald"]
[Black "Chapman, Terry P D"]
[Result "1/2-1/2"]
[WhiteElo "1928"]
[BlackElo "2263"]
[PlyCount "40"]
[EventDate "2025.08.04"]
[EventType "swiss"]
[EventRounds "7"]
[EventCountry "GBR"]
[SourceTitle "BritBase"]
[Source "John Saunders"]
[SourceDate "2025.08.11"]
[SourceVersion "1"]
[SourceVersionDate "2025.08.11"]
[SourceQuality "1"]

1. Nf3 d5 2. c4 d4 3. g3 Nc6 4. Bg2 e5 5. d3 Bb4+ 6. Bd2 a5 7. O-O Nf6 8. Na3 O-O 9. Nc2 Be7 10. a3 Re8 11. b4 Bf8 12. b5 Nb8 13. e3 c5 14. e4 Nbd7 15. Nce1 Be7 16. Kh1 Ra7 17. Ng1 b6 18. f4 h6 19. f5 Nh7 20. h4 Ndf8 1/2-1/2

[Event "GBR-ch111 Over 65"]
[Site "Liverpool"]
[Date "2025.08.04"]
[Round "1.3"]
[White "Lewis, Andrew P"]
[Black "Punnett, Alan K"]
[Result "1-0"]
[WhiteElo "2242"]
[BlackElo "1919"]
[PlyCount "83"]
[EventDate "2025.08.04"]
[EventType "swiss"]
[EventRounds "7"]
[EventCountry "GBR"]
[SourceTitle "BritBase"]
[Source "John Saunders"]
[SourceDate "2025.08.11"]
[SourceVersion "1"]
[SourceVersionDate "2025.08.11"]
[SourceQuality "1"]

1. Nf3 Nf6 2. c4 e6 3. g3 b6 4. Bg2 Bb7 5. O-O Be7 6. Nc3 O-O 7. Re1 d5 8. cxd5 exd5 9. d4 Nbd7 10. Bf4 Nh5 11. Be3 Re8 12. Ne5 Nhf6 13. Bf4 Nf8 14. Qa4 Ng6 15. Rad1 Nxf4 16. gxf4 Bf8 17. e3 Qe7 18. a3 a6 19. Qc2 Red8 20. b4 c5 21. Na4 cxb4 22. Nxb6 Rab8 23. axb4 Qxb4 24. Rb1 Qd6 25. Rec1 Qe6 26. Na4 Ne4 27. Nc5 Nxc5 28. dxc5 Bc6 29. Rb6 Rxb6 30. cxb6 Bb5 31. Qc7 Re8 32. b7 Bd6 33. Qc8 Kf8 34. Bh3 f5 35. Qxe6 Rxe6 36. Bxf5 Re8 37. Rc8 Ke7 38. Bxh7 Bd7 39. Nxd7 Kxd7 40. Bf5+ Ke7 41. Ra8 Rb8 42. Bc8 1-0

[Event "GBR-ch111 Over 65"]
[Site "Liverpool"]
[Date "2025.08.04"]
[Round "1.4"]
[White "Hutchinson, Norman A"]
[Black "Povah, Nigel E"]
[Result "0-1"]
[WhiteElo "1914"]
[BlackElo "2206"]
[PlyCount "100"]
[EventDate "2025.08.04"]
[EventType "swiss"]
[EventRounds "7"]
[EventCountry "GBR"]
[SourceTitle "BritBase"]
[Source "John Saunders"]
[SourceDate "2025.08.11"]
[SourceVersion "1"]
[SourceVersionDate "2025.08.11"]
[SourceQuality "1"]

1. e4 c5 2. c3 Nf6 3. e5 Nd5 4. Nf3 e6 5. d4 cxd4 6. cxd4 d6 7. a3 Bd7 8. Bd3 Bc6 9. O-O Nd7 10. Re1 Rc8 11. Bd2 Be7 12. Nc3 dxe5 13. dxe5 Nxc3 14. Bxc3 Nc5 15. Be2 O-O 16. Rc1 Ba4 17. Qxd8 Rfxd8 18. Bd4 b6 19. Rc4 Bb5 20. Rc3 Bxe2 21. Rxe2 Na4 22. Rxc8 Rxc8 23. b3 Nc5 24. Rc2 Rd8 25. b4 Nb3 26. Bc3 Rd1+ 27. Be1 g5 28. g4 h5 29. h3 hxg4 30. hxg4 a5 31. Kg2 axb4 32. Bxb4 Nc5 33. Nd2 Bf8 34. Nc4 Nd7 35. Ne3 Rd3 36. Rc8 Kg7 37. Bxf8+ Nxf8 38. Nc4 Nd7 39. f3 b5 40. Nd6 Rxa3 41. Nxb5 Ra2+ 42. Kg3 Nxe5 43. Nd4 Rd2 44. Rd8 Rd3 45. Kf2 Kf6 46. Ke2 Ra3 47. Rb8 Ng6 48. Rb3 Ra2+ 49. Ke3 Nf4 50. Rb6 Nd5+ 0-1

[Event "GBR-ch111 Over 65"]
[Site "Liverpool"]
[Date "2025.08.04"]
[Round "1.5"]
[White "Kennaugh, Charles W"]
[Black "Johnson, Simon"]
[Result "0-1"]
[WhiteElo "2203"]
[BlackElo "1911"]
[PlyCount "208"]
[EventDate "2025.08.04"]
[EventType "swiss"]
[EventRounds "7"]
[EventCountry "GBR"]
[SourceTitle "BritBase"]
[Source "John Saunders"]
[SourceDate "2025.08.11"]
[SourceVersion "1"]
[SourceVersionDate "2025.08.11"]
[SourceQuality "1"]

1. e4 e6 2. d4 d5 3. e5 c5 4. Nf3 Nc6 5. Bd3 cxd4 6. O-O Nge7 7. Nbd2 Ng6 8. Re1 Bb4 9. a3 Ba5 10. b4 Bc7 11. Bxg6 hxg6 12. b5 Ne7 13. Nxd4 Bd7 14. a4 Nf5 15. N2f3 Ba5 16. Nxf5 gxf5 17. Re3 Rc8 18. Ba3 g5 19. Rc1 g4 20. Nd4 Qh4 21. h3 f4 22. Rd3 f3 23. Qf1 fxg2 24. Qxg2 gxh3 25. Qg7 h2+ 26. Kh1 Qh6 27. Qxh6 Rxh6 28. f4 Rc4 29. Rf1 Rxa4 30. f5 Rxd4 31. fxe6 Bxe6 32. Rxd4 Bb6 33. Rd2 d4 34. Rff2 Bd5+ 35. Rg2 Ba5 36. c4 Bxd2 37. cxd5 Bf4 38. Rg8+ Kd7 39. Rg7 Bxe5 40. Rxf7+ Kd8 41. Bc1 Rg6 42. Bf4 Bxf4 43. Rxf4 Rb6 44. Rxd4 Rxb5 45. Kxh2 Kd7 46. Kg3 Kd6 47. Kf4 Rxd5 48. Ra4 a5 49. Ke4 Rh5 50. Kd3 b6 51. Kc3 Rh3+ 52. Kb2 Kc5 53. Ka2 Kb5 54. Rg4 Rc3 55. Kb2 Rc4 56. Rg6 Rc6 57. Rg4 Ka6 58. Rg8 b5 59. Kb3 a4+ 60. Kb4 Rc4+ 61. Ka3 Ka5 62. Ra8+ Kb6 63. Rh8 Rc3+ 64. Kb2 Rb3+ 65. Ka2 Rd3 66. Rh5 b4 67. Rh8 Kc5 68. Rc8+ Kd4 69. Rd8+ Kc3 70. Rc8+ Kd2 71. Rb8 Rd4 72. Kb2 b3 73. Rb7 Rc4 74. Rd7+ Ke3 75. Rb7 Rc2+ 76. Kb1 Rc4 77. Kb2 Kd3 78. Rd7+ Ke4 79. Rb7 Kd5 80. Rb8 Rh4 81. Rd8+ Kc4 82. Rc8+ Kd3 83. Rd8+ Rd4 84. Rb8 Rd5 85. Rb7 Kc4 86. Rc7+ Kb4 87. Rb7+ Rb5 88. Ra7 Ra5 89. Rb7+ Kc5 90. Rh7 Kd4 91. Rh4+ Ke3 92. Rh2 Rf5 93. Ka3 Rf2 94. Rh3+ Kd2 95. Kb2 Kd1+ 96. Kb1 Re2 97. Rg3 Kd2 98. Kb2 Re3 99. Rg2+ Kd3 100. Ka3 Re2 101. Rg3+ Kc2 102. Rg8 b2 103. Rc8+ Kb1 104. Rc3 Ka1 0-1

[Event "GBR-ch111 Over 65"]
[Site "Liverpool"]
[Date "2025.08.04"]
[Round "1.6"]
[White "Hawkins, James N"]
[Black "Pritchett, Craig W"]
[Result "1/2-1/2"]
[WhiteElo "1908"]
[BlackElo "2181"]
[PlyCount "116"]
[EventDate "2025.08.04"]
[EventType "swiss"]
[EventRounds "7"]
[EventCountry "GBR"]
[SourceTitle "BritBase"]
[Source "John Saunders"]
[SourceDate "2025.08.11"]
[SourceVersion "1"]
[SourceVersionDate "2025.08.11"]
[SourceQuality "1"]

1. e4 c5 2. Nf3 e6 3. d4 cxd4 4. Nxd4 a6 5. c4 Nf6 6. Bd3 Nc6 7. Nxc6 dxc6 8. O-O e5 9. Nc3 Be6 10. Qe2 Be7 11. Kh1 O-O 12. Bg5 h6 13. Bh4 b5 14. cxb5 axb5 15. a3 Nd7 16. Bxe7 Qxe7 17. Rfd1 Nc5 18. Bc2 Nb3 19. Bxb3 Bxb3 20. Re1 Rfd8 21. Qe3 Qe6 22. Rac1 Rd6 23. h3 Rad8 24. Nd5 Bxd5 25. exd5 Rxd5 26. f4 exf4 27. Qxe6 fxe6 28. Rxe6 c5 29. Rc6 Rd1+ 30. Rxd1 Rxd1+ 31. Kh2 Rb1 32. Rxc5 Rxb2 33. Rf5 Rb3 34. Rxf4 Rxa3 35. Rb4 Ra5 36. Kg3 Kf7 37. Kf3 Ke6 38. h4 Kd5 39. Ke3 Kc5 40. Rg4 Ra7 41. Kd3 b4 42. Kc2 Rb7 43. Kb3 Kd5 44. h5 Ke6 45. Rg6+ Kf5 46. Rg3 Ke5 47. Rg4 Kf6 48. Rg6+ Kf7 49. g4 Rb5 50. Rc6 Rg5 51. Rc4 Kf6 52. Rxb4 Re5 53. Rb6+ Re6 54. Rb5 Re3+ 55. Kc2 Re4 56. Rb6+ Re6 57. Rb5 Re4 58. Rb6+ Re6 {(there may have been a few more moves)} 1/2-1/2

[Event "GBR-ch111 Over 65"]
[Site "Liverpool"]
[Date "2025.08.04"]
[Round "1.7"]
[White "Townsend, M Paul"]
[Black "Ewart, Brian R"]
[Result "1-0"]
[WhiteElo "2167"]
[BlackElo "1906"]
[PlyCount "53"]
[EventDate "2025.08.04"]
[EventType "swiss"]
[EventRounds "7"]
[EventCountry "GBR"]
[SourceTitle "BritBase"]
[Source "John Saunders"]
[SourceDate "2025.08.11"]
[SourceVersion "1"]
[SourceVersionDate "2025.08.11"]
[SourceQuality "1"]

1. Nf3 Nf6 2. c4 c5 3. Nc3 Nc6 4. d4 cxd4 5. Nxd4 g6 6. e4 d6 7. Be2 Bg7 8. Be3 O-O 9. O-O a6 10. f3 Qc7 11. Qd2 e6 12. Rfd1 Ne8 13. Rac1 Bd7 14. Bf1 Rc8 15. Nxc6 Bxc6 16. Nd5 exd5 17. cxd5 Qd7 18. dxc6 Rxc6 19. Rxc6 Qxc6 20. b3 Qc3 21. Qxc3 Bxc3 22. a4 Kg7 23. Rc1 Ba5 24. Rc8 Bb4 25. Rb8 Bc5 26. Bxc5 dxc5 27. Rxb7 1-0

[Event "GBR-ch111 Over 65"]
[Site "Liverpool"]
[Date "2025.08.04"]
[Round "1.8"]
[White "Marks, Ian A"]
[Black "Granat, Russell G"]
[Result "0-1"]
[WhiteElo "1904"]
[BlackElo "2164"]
[PlyCount "56"]
[EventDate "2025.08.04"]
[EventType "swiss"]
[EventRounds "7"]
[EventCountry "GBR"]
[SourceTitle "BritBase"]
[Source "John Saunders"]
[SourceDate "2025.08.11"]
[SourceVersion "1"]
[SourceVersionDate "2025.08.11"]
[SourceQuality "1"]

1. Nf3 d5 2. g3 c6 3. Bg2 Nf6 4. O-O g6 5. b3 Bg7 6. Bb2 O-O 7. c4 Re8 8. d3 Nbd7 9. Qc2 dxc4 10. bxc4 e5 11. Nbd2 Qc7 12. Rad1 b6 13. Ng5 Bb7 14. Ba3 Rad8 15. Nge4 c5 16. Nxf6+ Nxf6 17. Bxb7 Qxb7 18. Bb2 Re7 19. Ne4 Nxe4 20. dxe4 Red7 21. Rd5 Rxd5 22. exd5 f5 23. e4 Qd7 24. f4 Re8 25. fxe5 Bxe5 26. exf5 gxf5 27. Kg2 b5 28. Rxf5 Bxb2 0-1

[Event "GBR-ch111 Over 65"]
[Site "Liverpool"]
[Date "2025.08.04"]
[Round "1.9"]
[White "Orton, Stephen LA"]
[Black "Collinson, Mark I"]
[Result "0-1"]
[WhiteElo "2137"]
[BlackElo "1900"]
[PlyCount "80"]
[EventDate "2025.08.04"]
[EventType "swiss"]
[EventRounds "7"]
[EventCountry "GBR"]
[SourceTitle "BritBase"]
[Source "John Saunders"]
[SourceDate "2025.08.11"]
[SourceVersion "1"]
[SourceVersionDate "2025.08.11"]
[SourceQuality "1"]

1. e4 e5 2. Nf3 Nc6 3. Bb5 d6 4. d4 exd4 5. Nxd4 Bd7 6. Nc3 Nf6 7. O-O Be7 8. Bxc6 Bxc6 9. Qd3 O-O 10. b3 Re8 11. Bb2 Bf8 12. Rae1 g6 13. f4 Bg7 14. e5 dxe5 15. fxe5 Ng4 16. Qc4 Qh4 17. Qxf7+ Kh8 18. Qf4 Rxe5 19. Rxe5 Bxe5 20. Nf3 Bxf3 21. Nd1 Bxb2 22. Nxb2 Be2 23. Qd4+ Kg8 24. Qd5+ Kg7 25. Rf7+ Kh6 26. Qd2+ g5 27. h3 Ne5 28. Rf6+ Kg7 29. Rf2 Bh5 30. Qc3 Re8 31. Nd3 Qe4 32. Rf1 Qe3+ 33. Kh1 Kh6 34. Re1 Be2 35. a4 Nxd3 36. Qf6+ Kh5 37. g4+ Kh4 38. Qh6+ Kg3 39. Rg1+ Qxg1+ 40. Kxg1 Nf4 0-1

[Event "GBR-ch111 Over 65"]
[Site "Liverpool"]
[Date "2025.08.04"]
[Round "1.10"]
[White "Binks, Michael E"]
[Black "Brooks, Phil J"]
[Result "0-1"]
[WhiteElo "1894"]
[BlackElo "2127"]
[PlyCount "94"]
[EventDate "2025.08.04"]
[EventType "swiss"]
[EventRounds "7"]
[EventCountry "GBR"]
[SourceTitle "BritBase"]
[Source "John Saunders"]
[SourceDate "2025.08.11"]
[SourceVersion "1"]
[SourceVersionDate "2025.08.11"]
[SourceQuality "1"]

1. d4 d5 2. Nf3 Nf6 3. e3 c5 4. c3 e6 5. Bd3 Nbd7 6. Ne5 b6 7. f4 Bb7 8. Nd2 Be7 9. Qf3 Qc8 10. Qe2 a5 11. Ndf3 Ba6 12. O-O Bxd3 13. Qxd3 O-O 14. Bd2 c4 15. Qc2 Ne4 16. Be1 f6 17. Ng4 f5 18. Nf2 Ndf6 19. Nd1 b5 20. a3 Qb7 21. Bh4 b4 22. Bxf6 Bxf6 23. Nd2 Nxd2 24. Qxd2 bxa3 25. Rxa3 Be7 26. Ra1 a4 27. Nf2 Rfb8 28. Nd1 Qb3 29. Rf2 Qb5 30. Qc1 Qe8 31. Rc2 Rb3 32. Qd2 Kh8 33. Qe2 g5 34. g3 Kg7 35. Kg2 Qg6 36. Nf2 h5 37. Rg1 a3 38. bxa3 Raxa3 39. Nd1 g4 40. Qd2 Qe8 41. Rh1 Ra1 42. h3 Qg6 43. hxg4 fxg4 44. Nf2 Rxh1 45. Kxh1 h4 46. Qe2 hxg3 47. Nxg4 Qe4+ 0-1

[Event "GBR-ch111 Over 65"]
[Site "Liverpool"]
[Date "2025.08.04"]
[Round "1.11"]
[White "Varley, Peter"]
[Black "Marshall, Michael O"]
[Result "1-0"]
[WhiteElo "2117"]
[BlackElo "1886"]
[PlyCount "83"]
[EventDate "2025.08.04"]
[EventType "swiss"]
[EventRounds "7"]
[EventCountry "GBR"]
[SourceTitle "BritBase"]
[Source "John Saunders"]
[SourceDate "2025.08.11"]
[SourceVersion "1"]
[SourceVersionDate "2025.08.11"]
[SourceQuality "1"]

1. f4 d5 2. Nf3 Nf6 3. g3 c5 4. Bg2 Nc6 5. O-O Bg4 6. d3 e6 7. e3 Bd6 8. Nbd2 Qc7 9. h3 Bh5 10. e4 dxe4 11. dxe4 Be7 12. g4 Nxg4 13. hxg4 Bxg4 14. Nc4 O-O 15. Qe1 Rad8 16. Be3 b5 17. Nce5 Bxf3 18. Nxc6 Qxc6 19. Bxf3 Qc7 20. Qe2 c4 21. Rad1 a6 22. Rxd8 Rxd8 23. Rd1 Re8 24. e5 c3 25. b3 Qa5 26. Qd3 Rd8 27. Qe4 Rxd1+ 28. Bxd1 Qd8 29. Qd4 Qc7 30. Qb6 Qc8 31. Bf3 g6 32. Qc6 Qd8 33. Qxa6 b4 34. Qa8 Qxa8 35. Bxa8 Kg7 36. Bf3 h6 37. Kf2 g5 38. fxg5 hxg5 39. Bd4 Kg6 40. Bg4 f5 41. exf6 Bd6 42. Bxe6 1-0

[Event "GBR-ch111 Over 65"]
[Site "Liverpool"]
[Date "2025.08.04"]
[Round "1.12"]
[White "Stephens, Ian Paul"]
[Black "Smith, Andrew P"]
[Result "0-1"]
[WhiteElo "1877"]
[BlackElo "2104"]
[PlyCount "120"]
[EventDate "2025.08.04"]
[EventType "swiss"]
[EventRounds "7"]
[EventCountry "GBR"]
[SourceTitle "BritBase"]
[Source "John Saunders"]
[SourceDate "2025.08.11"]
[SourceVersion "1"]
[SourceVersionDate "2025.08.11"]
[SourceQuality "1"]

1. e4 c5 2. Nf3 Nc6 3. d4 cxd4 4. Nxd4 Qb6 5. Nb3 Nf6 6. Nc3 e6 7. Be3 Qc7 8. f3 a6 9. Qd2 b5 10. O-O-O Bb7 11. g4 h6 12. h4 Ne5 13. Be2 d6 14. g5 hxg5 15. hxg5 Rxh1 16. Rxh1 Nfd7 17. f4 b4 18. fxe5 bxc3 19. Qxc3 Qxc3 20. bxc3 Bxe4 21. Rh4 d5 22. Bd4 Ba3+ 23. Kd2 Ke7 24. Na5 Nf8 25. Nc6+ Kd7 26. Nb4 Ng6 27. Rh2 a5 28. Nd3 Kc6 29. Rf2 Bf5 30. Nc1 Be7 31. Rg2 Nf4 32. Rg3 Nxe2 33. Nxe2 Rb8 34. Nc1 Rb2 35. Nd3 Rxa2 36. Be3 Ra4 37. Bd4 Ra2 38. Rg1 a4 39. Be3 Bxd3 40. Kxd3 Rb2 41. Ra1 a3 42. Bc1 Rb8 43. Bxa3 Ra8 44. Bb2 Rxa1 45. Bxa1 Bxg5 46. c4 dxc4+ 47. Kxc4 f5 48. Bb2 Bf4 49. Kd3 g5 50. Bd4 g4 51. c4 Bg5 52. Ke2 Bd8 53. Be3 Bb6 54. Bf4 Bd4 55. Kd3 Kc5 56. Bg3 Bg1 57. Bh4 Bh2 58. Bf2+ Kc6 59. Bd4 g3 60. Ke2 g2 0-1